000 00728cam a22002651 4500
999 _c7661
_d7661
001 7661
003 BD-JhCC
005 20191031101856.0
008 181228s1956 nyua 000 0 eng
035 _a(BD-JhCC)7661
035 _a(OCoLC)188057
040 _aDLC
_cODaWU
_dWU
_dDLC
_dBD-JhCC
041 _aeng
050 0 0 _aLB3621
_b.S7 1964
082 _a371.805
_bSPE 1956
100 1 _aSpears, Harold,
_d1902-
245 1 0 _aHigh school journalism /
_cHarold Spears and C. H. Lawshe
260 _aNew York :
_bMacmillan Co.,
_c[c1956]
300 _a452 p. :
_billus. ;
_c23 cm.
650 0 _aStudent newspapers and periodicals.
650 0 _aJournalism.
700 _aLawshe, C. H.
942 _2ddc
_cBK